| 000 | 00706nam a2200181 i 4500 | ||
|---|---|---|---|
| 001 | 157572 | ||
| 003 | ES-MaACL | ||
| 005 | 20250718063329.0 | ||
| 008 | 931025s1879 fr |||| | fre d | ||
| 100 | 1 |
_aLeroy-Beaulieu, Paul, _d1843-1916 _971810 |
|
| 245 | 1 | 0 |
_aTraitè de la science des Finances / _cpar Paul Leroy-Beaulieu. |
| 250 | _a2ème ed. rev., corr. et augm. | ||
| 260 |
_aParis : _bGuillamin et C\pie\s, editeurs, _c1879 ( _eCorbeil : _fTyp. et stér. de Crété) |
||
| 300 |
_a2 v. (VIII, 762 ; 712 p.) ; _c22 cm. |
||
| 505 | 8 | _aContiene: T. I. Des revenus publics -- T. II. Le budget et le crédit public | |
| 852 |
_aES-MaACL _jC-2618-19 _z-- Enc. hol. |
||
| 999 |
_c157572 _d157572 |
||